000 00732nam a22002297a 4500
005 20170124110242.0
010 _aB-006076
020 _c95.00
_a8170144485
035 _aB-006076
037 _bCen Lib/Ret
040 _aDPL
_bEN
082 _a658.3
_bTRI
100 _aTripathi, P.C.
_911776
245 _aPersonnel management and industrial laws /
_cby P.C.Tripathi [and] N.D.Kapoor
260 _aNew Delhi
_bSultan Chand & Sons
_c2000
270 _a23, Daryaganj
_bNew Delhi
_e110002
300 _avarious pagings
_b20cm(Hb)
650 _aPersonnel management.
_913632
650 _aPersonnel management : theory and practice
_995237
700 _aKapoor, N.D.
_9113731
942 _2ddc
_cEN
_h658.3
_mTRI
999 _c135219
_d135219